Baba Ramdev: (Record no. 211869)

MARC details
000 -LEADER
fixed length control field 00583nam a22001937a 4500
005 - DATE AND TIME OF LATEST TRANSACTION
control field 20250617144338.0
010 ## - LCCN (DPL NO)
LC control number ENG-145421
020 ## - INTERNATIONAL STANDARD BOOK NUMBER
International Standard Book Number 9788128835995
Terms of availability 237.00
035 ## - SYSTEM CONTROL NUMBER
System control number EN-128953
037 ## - SOURCE OF ACQUISITION
Source of stock number/acquisition DBAD
082 ## - DEWEY DECIMAL CLASSIFICATION NUMBER
Classification number 921
100 ## - MAIN ENTRY--PERSONAL NAME
Personal name k C Mahendra
245 ## - TITLE STATEMENT
Title Baba Ramdev:
Remainder of title Resurgence of New India/
Statement of responsibility, etc K C Mahendra
260 ## - PUBLICATION, DISTRIBUTION, ETC. (IMPRINT)
Place of publication, distribution, etc NEW Delhi
Name of publisher, distributor, etc Diamond Pocket Book Pvt Ltd
Date of publication, distribution, etc 2011
270 ## - ADDRESS
Address X-30, Okhla Industrial Area, Phsae ii
City New Delhi
Postal code 110020
300 ## - PHYSICAL DESCRIPTION
Extent 403p.
Dimensions 22cm. (hb)
500 ## - GENERAL NOTE
General note Freedom Movement-2
942 ## - ADDED ENTRY ELEMENTS (KOHA)
Source of classification or shelving scheme Dewey Decimal Classification
Item type English Books
Classification part 921
Call number suffix MAH
Holdings
Withdrawn status Lost status Not for loan Collection code Home library Current library Date acquired Source of acquisition Cost, normal purchase price Full call number Barcode Cost, replacement price Koha item type
      Non-fiction Sarojini Nagar Sarojini Nagar 17/06/2025 DBAD 237.00 921 MAH EN-128953 237.00 English Books

© Delhi Public Library
Hit Counter
free hit counter